000 00162nam a2200097Ia 4500
100 _a#N/A
942 _cBK
245 _aNISE 'S
260 _b#N/A
082 _b22326
999 _c24413
_d24413